000 01425nam2a22002891 4500
001 rc\3135622
005 20120615100231.8
021 _aRU
_b78-5245
021 _aRU
_bРг6230-78
035 _a(NLR Aleph) 007316472
090 _a5864395
_c5864395
100 _a20120615d1977 |||y0rusy50 ca
101 0 _arus
102 _aRU
105 _aa z |||||
200 1 _aИркутская область и западная часть Бурятской АССР
_eМетеорол. данные за отдельные годы
_f[Сост. инженеры Л.Н. Татакина, О.А. Макарова, Г.Г. Баранчук] [и др.]
_hЧ. 6
_iОблачность
210 _aИркутск
_d[1977]
215 _a503 с.
_cил.
_d27
461 0 _1001rc\3135557
_12001#$aСправочник по климату СССР$eМетеорол. данные за отдельные годы$e[В 34 вып.]$eВып. 1-$fГл. упр. гидрометеорол. службы при Совете Министров СССР. Сев. упр. гидрометеорол. службы. Арханг. гидрометеорол. обсерватория$vВып. 22
702 1 _aМакарова
_bО. А.
_4220
702 1 _aБаранчук
_bГ. Г.
_4220
702 1 _aТатакина
_bЛ. Н.
_4220
801 0 _aRU
_bNLR
_gpsbo
801 1 _aRU
_bELAR
_2rusmarc
852 _aNLR
_j76-8/812
942 _cBOOK
980 _aNB